Rozvojový program priorít verejných prác na roky 2000-2002
Situácia vo verejných investíciách na rok 2000. Orientácia firiem na na stavebnom trhu a previazanosť na štátne rozpočty na jednotlivé roky. Rozvojový program priorít verejných prác.
Gespeichert in:
| 1. Verfasser: | |
|---|---|
| Format: | Buchkapitel |
| Sprache: | Slowakisch |
| Schlagworte: | |
| Tags: |
Keine Tags, Fügen Sie das erste Tag hinzu!
|
MARC
| LEADER | 00000naa a2200000 4500 | ||
|---|---|---|---|
| 001 | r037463 | ||
| 005 | 20230925100503.9 | ||
| 041 | 0 | |a slo | |
| 044 | |a SK | ||
| 245 | 1 | 0 | |a Rozvojový program priorít verejných prác na roky 2000-2002 |c Martin Gál |
| 520 | |a Situácia vo verejných investíciách na rok 2000. Orientácia firiem na na stavebnom trhu a previazanosť na štátne rozpočty na jednotlivé roky. Rozvojový program priorít verejných prác. | ||
| 610 | 2 | 0 | |a práce verejné |
| 610 | 2 | 0 | |a programy rozvojové |
| 610 | 2 | 0 | |a investície verejné |
| 610 | 2 | 0 | |a rozpočet štátny |
| 610 | 2 | 0 | |a správa štátna |
| 610 | 2 | 0 | |a Slovensko |
| 100 | 1 | |a Gál, Martin | |